[Event "Africa-ch U1700 op"]
[Site "Windhoek"]
[Date "2019.01.03"]
[Round "5.4"]
[White "Campbell, Clarence"]
[Black "Banda, Davies"]
[Result "1-0"]
[WhiteElo "1624"]
[BlackElo "1626"]
[PlyCount "53"]
[EventDate "2018.12.31"]
[EventType "swiss"]
[EventRounds "9"]
[EventCountry "NAM"]
[SourceTitle "EXT 2024"]
[Source "ChessBase"]
[SourceDate "2023.10.10"]
[SourceVersion "1"]
[SourceVersionDate "2023.10.10"]
[SourceQuality "1"]

1. e4 c5 2. Nf3 Nc6 3. d4 cxd4 4. Nxd4 Nf6 5. Nc3 a6 6. Bg5 e6 7. Nxc6 bxc6 8. e5 h6 9. Bh4 g5 10. Bg3 Ng8 11. Ne4 f5 12. Qh5+ Ke7 13. Nxg5 Qe8 14. Qh4 Qg6 15. Nh7+ Kf7 16. Nxf8 Kxf8 17. Qd8+ Kg7 18. 0-0-0 Qg5+ 19. Qxg5+ hxg5 20. f4 g4 21. c4 Ne7 22. Bf2 Kf7 23. h3 gxh3 24. Rxh3 Rxh3 25. gxh3 Bb7 26. Be3 Rb8 27. Be2 1-0